000 005380000a22001810004500
003 MACL
005 20160423115418.0
008 160423b xxu||||| |||| 00| 0 eng d
040 _aMACL
_cMACL
041 _aHindi
082 _a800 NAM
100 _aसिंह नामवर
_953485
245 _aहिन्‍दी का गधपर्व
260 _aनई दिल्‍ली
_bराजकमल प्रकाशन
_c2011
350 _a350
650 _aरचनावली
_9163
942 _cHIN
_k800/NAM
_2ddc
999 _c47239
_d47239